Hydraulic Engineeering (Record no. 322976)

MARC details
000 -LEADER
fixed length control field 00445nam a2200157Ia 4500
008 - FIXED-LENGTH DATA ELEMENTS--GENERAL INFORMATION
fixed length control field 230718s9999 xx 000 0 und d
041 ## - LANGUAGE CODE
Language code of text/sound track or separate title eng
082 ## - DEWEY DECIMAL CLASSIFICATION NUMBER
Classification number 627
Item number ROB
100 ## - MAIN ENTRY--PERSONAL NAME
Personal name Roberson J.A.
245 ## - TITLE STATEMENT
Title Hydraulic Engineeering
260 ## - PUBLICATION, DISTRIBUTION, ETC. (IMPRINT)
Date of publication, distribution, etc. 1998
Name of publisher, distributor, etc. Jaico Publishing House
300 ## - PHYSICAL DESCRIPTION
Extent 662
365 ## - TRADE PRICE
Currency code Rs.
Price amount 550.00
700 ## - ADDED ENTRY--PERSONAL NAME
Personal name Roberson J.A.; Cassidy J.J. & Chaydhry H.
9 (RLIN) 190829
906 ## - LOCAL DATA ELEMENT F, LDF (RLIN)
d O:0035227-Oct-2009B:47822-Sep-2009
c MECH
b 110
Holdings
Withdrawn status Lost status Damaged status Not for loan Home library Current library Date acquired Vendor Budget Code Cost, normal purchase price Bill number Total Checkouts Full call number Barcode Date last seen Discount Cost, replacement price Bill Date Koha item type Original Barcode
        Cummins College of Engineering for Women Pune Cummins College of Engineering for Women Pune 27/10/2009 Pradeep Book Distributors MECH 440.00 478   627 CCEP-BK-34183 18/07/2023 110 550.00 22/09/2009 Books 034183